000 00345nam a2200121Ia 4500
008 240731s9999 xx 000 0 und d
022 _a1464-5335
245 0 _aWork & Stress : An International Journal of Work, Health & Organisations
260 _bRoutledge
856 _uhttps://www.tandfonline.com/loi/twst20
942 _2ddc
942 _cTFEJ
999 _c80306
_d80306
945 _a1
_bMadushi Gamage
_c1
_dMadushi Gamage